Economics adjustment and political transformation (Record no. 3965)

MARC details
000 -LEADER
fixed length control field 00458 a2200157 4500
000 - LEADER
fixed length control field BKB
001 - CONTROL NUMBER
control field 070524
005 - DATE AND TIME OF LATEST TRANSACTION
control field 20200902150838.0
008 - FIXED-LENGTH DATA ELEMENTS--GENERAL INFORMATION
fixed length control field
082 ## - DEWEY DECIMAL CLASSIFICATION NUMBER
Classification number 338.9492
Item number J73E
100 1# - MAIN ENTRY--PERSONAL NAME
Personal name Jones, Erik
245 1# - TITLE STATEMENT
Title Economics adjustment and political transformation
Statement of responsibility, etc by Erik Jones
260 ## - PUBLICATION, DISTRIBUTION, ETC. (IMPRINT)
Place of publication, distribution, etc New York
Name of publisher, distributor, etc Oxford University Press
Date of publication, distribution, etc 2008
300 ## - PHYSICAL DESCRIPTION
Extent 277p.
690 ## - LOCAL SUBJECT ADDED ENTRY--TOPICAL TERM (OCLC, RLIN)
Topical term or geographic name as entry element Economics, Mathematical; Game theory
Holdings
Withdrawn status Lost status Damaged status Not for loan Home library Current library Date acquired Cost, normal purchase price Total Checkouts Full call number Barcode Date last seen Price effective from Koha item type
        Central University Of Rajasthan Central University Of Rajasthan 07/03/2012 3918.78   338.9492 J73E 4811 21/11/2024 02/09/2020 Books